| 000 | 00895nam a22002535a 4500 | ||
|---|---|---|---|
| 003 | OSt | ||
| 005 | 20170215103652.0 | ||
| 008 | 170215s2012 ua frb 000 0 eng d | ||
| 015 | _a2011 / 22209 | ||
| 020 | _z978978954 | ||
| 040 |
_aEG-ScBUE _bara _cEG-ScBUE |
||
| 043 | _af-ua--- | ||
| 082 | 0 | 4 |
_a345.620277 _bح س ن _222 |
| 100 | 1 | _aحسن، نبيل محمود. | |
| 245 | 1 | 2 |
_aالموسوعة الحديثة في المخدرات : _bتعريفا - فقها - قضاءا / _cإعداد نبيل محمود حسن. |
| 260 |
_aالقاهرة : _b[د. ن.]، _c2012. |
||
| 300 |
_a471 ص. ؛ _c24 سم. |
||
| 504 | _aيشتمل على إرجاعات ببليوجرافية. | ||
| 650 | 7 |
_aالمخدرات _xقوانين وتشريعات _zمصر. _2BUEsh |
|
| 650 | 7 |
_aالمخدرات (فقه إسلامي) _2BUEsh |
|
| 651 | _2BUEsh | ||
| 653 |
_bLLAAWW _cFebruary2017 |
||
| 942 | _2ddc | ||
| 999 |
_c24153 _d24125 |
||